Kraje z największą liczbą użytkowników Facebooka - Statystyki

Ogólne statystyki
  • Ten quiz został rozwiązany 125 razy
  • Średni wynik to 11 z 15
Statystyki odpowiedzi
Użytkownicy Kraje % Poprawnych
225M Stany Zjednoczone
100%
140M Brazylia
92%
386M Indie
92%
71M Rosja
90%
58M Japonia
84%
92M Meksyk
84%
45M Wielka Brytania
78%
195M Indonezja
75%
71M Turcja
72%
46M Pakistan
62%
85M Wietnam
51%
91M Filipiny
50%
44M Nigeria
48%
56M Tajlandia
46%
53M Bangladesz
44%
Nie znaleziono quizów pasujących do podanych kryteriów
Rozkład punktacji
Procent ludzi z każdym wynikiem
Percentyl według liczby udzielonych odpowiedzi
Twoja historia wyników
Nie rozwiązałeś tego quizu